[Event "ODJM B 2025"]
[Site "Willingen GER"]
[Date "2025.06.08"]
[Round "2"]
[White "Yüksel, Aran"]
[Black "Lau, Lars"]
[Result "1/2-1/2"]
[Termination "normal"]
[Board "56"]
[WhiteElo "1531"]
[BlackElo "1569"]
[WhiteClock "01:07:11"]
[BlackClock "01:16:22"]
[PlyCount "57"]
[WhiteFideId "16297024"]
[BlackFideId "34623663"]
[EventCountry "GER"]
[EventRounds "9"]
[EventType "swiss"]
[EventDate "2025.06.07"]

1. e4 {[%clk 01:30:54]} {[%emt 00:00:05]} c5 {[%clk 01:30:57]} {[%emt
00:00:04]} 2. Nf3 {[%clk 01:31:19]} {[%emt 00:00:04]} Nc6 {[%clk 01:31:22]}
{[%emt 00:00:05]} 3. d4 {[%clk 01:31:41]} {[%emt 00:00:08]} cxd4 {[%clk
01:31:48]} {[%emt 00:00:04]} 4. Nxd4 {[%clk 01:32:05]} {[%emt 00:00:05]} e6
{[%clk 01:32:14]} {[%emt 00:00:04]} 5. Nc3 {[%clk 01:31:40]} {[%emt 00:00:55]}
Bc5 {[%clk 01:32:23]} {[%emt 00:00:21]} 6. Be3 {[%clk 01:30:52]} {[%emt
00:01:19]} Qb6 {[%clk 01:31:38]} {[%emt 00:01:14]} 7. Na4 {[%clk 01:29:52]}
{[%emt 00:01:30]} Qa5+ {[%clk 01:32:04]} {[%emt 00:00:05]} 8. c3 {[%clk
01:30:07]} {[%emt 00:00:15]} Bxd4 {[%clk 01:32:23]} {[%emt 00:00:11]} 9. Bxd4
{[%clk 01:30:30]} {[%emt 00:00:07]} Nxd4 {[%clk 01:32:51]} {[%emt 00:00:02]}
10. Qxd4 {[%clk 01:30:50]} {[%emt 00:00:10]} Nf6 {[%clk 01:33:08]} {[%emt
00:00:13]} 11. Nc5 {[%clk 01:28:58]} {[%emt 00:02:21]} Qc7 {[%clk 01:31:52]}
{[%emt 00:01:46]} 12. e5 {[%clk 01:26:50]} {[%emt 00:02:38]} Nd5 {[%clk
01:31:14]} {[%emt 00:01:08]} 13. O-O-O {[%clk 01:19:56]} {[%emt 00:07:25]} b6
{[%clk 01:30:43]} {[%emt 00:01:01]} 14. Ne4 {[%clk 01:19:55]} {[%emt 00:00:30]}
O-O {[%clk 01:29:31]} {[%emt 00:01:42]} 15. Nd6 {[%clk 01:19:47]} {[%emt
00:00:38]} a5 {[%clk 01:26:45]} {[%emt 00:03:17]} 16. Nxc8 {[%clk 01:18:38]}
{[%emt 00:01:39]} Rfxc8 {[%clk 01:27:08]} {[%emt 00:00:07]} 17. Kb1 {[%clk
01:18:58]} {[%emt 00:00:10]} Ra7 {[%clk 01:26:02]} {[%emt 00:01:36]} 18. Be2
{[%emt 00:01:10]} Qc5 {[%clk 01:24:41]} {[%emt 00:01:46]} 19. Rd2 {[%clk
01:14:27]} {[%emt 00:04:26]} b5 {[%clk 01:22:30]} {[%emt 00:02:41]} 20. Bf3
{[%clk 01:13:47]} {[%emt 00:01:09]} Qxd4 {[%clk 01:19:52]} {[%emt 00:03:08]}
21. Rxd4 {[%clk 01:13:22]} {[%emt 00:00:55]} Nb6 {[%clk 01:19:27]} {[%emt
00:00:55]} 22. Be2 {[%clk 01:13:23]} {[%emt 00:00:29]} Nc4 {[%clk 01:19:01]}
{[%emt 00:00:57]} 23. Bxc4 {[%clk 01:13:06]} {[%emt 00:00:46]} bxc4 {[%clk
01:19:20]} {[%emt 00:00:11]} 24. Rhd1 {[%clk 01:11:39]} {[%emt 00:01:57]} Rcc7
{[%clk 01:19:39]} {[%emt 00:00:11]} 25. f4 {[%clk 01:10:04]} {[%emt 00:02:06]}
Kf8 {[%clk 01:19:58]} {[%emt 00:00:11]} 26. Re1 {[%clk 01:10:24]} {[%emt
00:00:09]} Rc5 {[%clk 01:18:36]} {[%emt 00:01:52]} 27. Red1 {[%clk 01:08:35]}
{[%emt 00:02:19]} Ke7 {[%clk 01:18:50]} {[%emt 00:00:17]} 28. R1d2 {[%clk
01:07:01]} {[%emt 00:02:04]} a4 {[%clk 01:16:22]} {[%emt 00:02:57]} 29. a3
{[%clk 01:07:11]} {[%emt 00:00:18]} 1/2-1/2

[Event "ODJM B 2025"]
[Site "Willingen GER"]
[Date "2025.06.08"]
[Round "2"]
[White "Fize, Aleksandrs"]
[Black "Classen, Miguel"]
[Result "1-0"]
[Termination "normal"]
[Board "57"]
[WhiteElo "1712"]
[BlackElo "1574"]
[WhiteClock "00:49:57"]
[BlackClock "00:38:37"]
[PlyCount "133"]
[WhiteFideId "34623779"]
[BlackFideId "34623825"]
[EventCountry "GER"]
[EventRounds "9"]
[EventType "swiss"]
[EventDate "2025.06.07"]

1. d4 {[%clk 01:30:57]} {[%emt 00:00:03]} Nf6 {[%clk 01:30:55]} {[%emt
00:00:05]} 2. Nc3 {[%clk 01:31:21]} {[%emt 00:00:05]} d5 {[%clk 01:31:20]}
{[%emt 00:00:06]} 3. Bf4 {[%clk 01:31:48]} {[%emt 00:00:03]} c5 {[%clk
01:31:41]} {[%emt 00:00:09]} 4. e3 {[%clk 01:32:14]} {[%emt 00:00:04]} cxd4
{[%clk 01:32:04]} {[%emt 00:00:07]} 5. exd4 {[%clk 01:32:39]} {[%emt 00:00:04]}
a6 {[%clk 01:32:29]} {[%emt 00:00:06]} 6. Nf3 {[%clk 01:33:05]} {[%emt
00:00:04]} Nc6 {[%clk 01:32:50]} {[%emt 00:00:09]} 7. Ne5 {[%clk 01:32:59]}
{[%emt 00:00:36]} e6 {[%clk 01:33:13]} {[%emt 00:00:07]} 8. g3 {[%clk
01:32:30]} {[%emt 00:00:59]} Bd6 {[%clk 01:32:56]} {[%emt 00:00:47]} 9. Bg2
{[%clk 01:32:18]} {[%emt 00:00:42]} Qc7 {[%clk 01:31:26]} {[%emt 00:01:59]} 10.
Nxc6 {[%clk 01:23:34]} {[%emt 00:09:14]} Bxf4 {[%clk 01:29:15]} {[%emt
00:02:42]} 11. gxf4 {[%clk 01:22:00]} {[%emt 00:02:04]} bxc6 {[%clk 01:29:28]}
{[%emt 00:00:17]} 12. Qf3 {[%clk 01:19:48]} {[%emt 00:02:41]} Qb6 {[%clk
01:27:19]} {[%emt 00:02:38]} 13. O-O-O {[%clk 01:20:09]} {[%emt 00:00:11]} Rb8
{[%clk 01:26:45]} {[%emt 00:01:05]} 14. b3 {[%clk 01:19:28]} {[%emt 00:01:11]}
Bd7 {[%clk 01:26:09]} {[%emt 00:01:05]} 15. Na4 {[%clk 01:18:53]} {[%emt
00:01:04]} Qb4 {[%clk 01:26:03]} {[%emt 00:00:35]} 16. Qe2 {[%clk 01:18:21]}
{[%emt 00:01:03]} O-O {[%clk 01:21:04]} {[%emt 00:05:29]} 17. Kb1 {[%clk
01:14:27]} {[%emt 00:04:25]} Qxa4 {[%clk 01:19:12]} {[%emt 00:02:22]} 18. Rhg1
{[%clk 01:11:37]} {[%emt 00:03:19]} Qa3 {[%clk 01:17:57]} {[%emt 00:01:46]} 19.
Bf3 {[%clk 01:10:09]} {[%emt 00:01:57]} g6 {[%clk 01:14:59]} {[%emt 00:03:28]}
20. Qe5 {[%clk 01:07:59]} {[%emt 00:02:40]} Ne4 {[%emt 00:04:21]} 21. Bxe4
{[%clk 01:08:02]} {[%emt 00:00:01]} dxe4 {[%clk 01:11:57]} {[%emt 00:00:08]}
22. h4 {[%clk 01:07:10]} {[%emt 00:01:21]} f6 {[%clk 01:11:13]} {[%emt
00:01:14]} 23. Qxe4 {[%clk 01:07:32]} {[%emt 00:00:08]} Qe7 {[%clk 01:07:12]}
{[%emt 00:04:30]} 24. h5 {[%clk 01:05:30]} {[%emt 00:02:33]} f5 {[%clk
01:05:37]} {[%emt 00:02:06]} 25. Qe5 {[%clk 01:04:34]} {[%emt 00:01:26]} Qg7
{[%clk 01:04:13]} {[%emt 00:01:53]} 26. Qd6 {[%clk 01:03:32]} {[%emt 00:01:32]}
a5 {[%clk 01:02:30]} {[%emt 00:02:14]} 27. hxg6 {[%clk 01:02:28]} {[%emt
00:01:34]} hxg6 {[%clk 01:02:50]} {[%emt 00:00:09]} 28. Rg3 {[%clk 01:02:53]}
{[%emt 00:00:05]} Rbe8 {[%clk 01:01:45]} {[%emt 00:01:34]} 29. Rdg1 {[%clk
01:02:09]} {[%emt 00:01:15]} Rf6 {[%clk 01:01:22]} {[%emt 00:00:52]} 30. a4
{[%clk 01:01:44]} {[%emt 00:00:56]} Ra8 {[%clk 00:58:34]} {[%emt 00:03:16]} 31.
Rh1 {[%clk 01:00:49]} {[%emt 00:01:27]} Rf7 {[%clk 00:49:59]} {[%emt 00:08:57]}
32. Rgh3 {[%clk 00:57:32]} {[%emt 00:03:54]} Re8 {[%clk 00:48:56]} {[%emt
00:01:30]} 33. R1h2 {[%clk 00:54:54]} {[%emt 00:03:12]} Qf6 {[%clk 00:47:19]}
{[%emt 00:02:06]} 34. Rh1 {[%clk 00:53:43]} {[%emt 00:01:41]} Ree7 {[%clk
00:46:57]} {[%emt 00:00:53]} 35. Qb8+ {[%clk 00:53:07]} {[%emt 00:01:06]} Be8
{[%clk 00:46:33]} {[%emt 00:00:50]} 36. Rh6 {[%clk 00:52:14]} {[%emt 00:01:25]}
Rg7 {[%clk 00:45:37]} {[%emt 00:01:27]} 37. Qd8 {[%clk 00:48:21]} {[%emt
00:04:24]} Kf7 {[%clk 00:45:08]} {[%emt 00:00:58]} 38. Rh8 {[%clk 00:48:14]}
{[%emt 00:00:36]} Rg8 {[%clk 00:43:35]} {[%emt 00:02:03]} 39. R8h7+ {[%clk
00:47:43]} {[%emt 00:01:02]} Kf8 {[%clk 00:43:27]} {[%emt 00:00:37]} 40. Qd6
{[%clk 00:43:32]} {[%emt 00:04:42]} Rgg7 {[%clk 00:37:32]} {[%emt 00:06:25]}
41. Rh8+ {[%clk 00:43:48]} {[%emt 00:00:14]} Kf7 {[%clk 00:37:44]} {[%emt
00:00:18]} 42. Qd8 {[%clk 00:44:13]} {[%emt 00:00:05]} g5 {[%clk 00:37:36]}
{[%emt 00:00:39]} 43. R1h6 {[%clk 00:43:45]} {[%emt 00:00:58]} Rg6 {[%clk
00:37:13]} {[%emt 00:00:52]} 44. R8h7+ {[%clk 00:43:56]} {[%emt 00:00:19]} Kf8
{[%clk 00:34:49]} {[%emt 00:02:54]} 45. Rxg6 {[%clk 00:44:19]} {[%emt
00:00:08]} Qxg6 {[%clk 00:33:33]} {[%emt 00:01:45]} 46. Qxe7+ {[%clk 00:44:24]}
{[%emt 00:00:26]} Kg8 {[%clk 00:33:29]} {[%emt 00:00:34]} 47. Rh3 {[%clk
00:44:31]} {[%emt 00:00:23]} g4 {[%clk 00:33:33]} {[%emt 00:00:25]} 48. Re3
{[%clk 00:44:16]} {[%emt 00:00:46]} Bf7 {[%clk 00:33:45]} {[%emt 00:00:17]} 49.
Qd8+ {[%clk 00:43:41]} {[%emt 00:01:05]} Kg7 {[%clk 00:34:00]} {[%emt
00:00:15]} 50. Qxa5 {[%clk 00:44:06]} {[%emt 00:00:05]} Qf6 {[%clk 00:34:06]}
{[%emt 00:00:25]} 51. Qe5 {[%clk 00:44:19]} {[%emt 00:00:16]} Qxe5 {[%clk
00:34:01]} {[%emt 00:00:35]} 52. dxe5 {[%clk 00:44:37]} {[%emt 00:00:12]} Be8
{[%clk 00:34:17]} {[%emt 00:00:14]} 53. Rd3 {[%clk 00:44:56]} {[%emt 00:00:11]}
Kf7 {[%clk 00:34:27]} {[%emt 00:00:20]} 54. a5 {[%clk 00:45:12]} {[%emt
00:00:15]} c5 {[%clk 00:34:43]} {[%emt 00:00:13]} 55. Rd6 {[%clk 00:45:29]}
{[%emt 00:00:13]} Ke7 {[%clk 00:34:41]} {[%emt 00:00:32]} 56. a6 {[%clk
00:45:49]} {[%emt 00:00:10]} Bd7 {[%clk 00:35:01]} {[%emt 00:00:11]} 57. Rxd7+
{[%clk 00:46:10]} {[%emt 00:00:09]} Kxd7 {[%clk 00:35:24]} {[%emt 00:00:06]}
58. a7 {[%clk 00:46:37]} {[%emt 00:00:04]} c4 {[%clk 00:35:44]} {[%emt
00:00:10]} 59. a8=Q {[%emt 00:00:09]} c3 {[%clk 00:35:59]} {[%emt 00:00:14]}
60. Qb7+ {[%clk 00:47:19]} {[%emt 00:00:10]} Ke8 {[%clk 00:36:19]} {[%emt
00:00:09]} 61. Qc7 {[%clk 00:47:29]} {[%emt 00:01:49]} Kf8 {[%clk 00:36:44]}
{[%emt 00:00:05]} 62. b4 {[%clk 00:47:54]} {[%emt 00:00:05]} Ke8 {[%clk
00:37:08]} {[%emt 00:00:05]} 63. b5 {[%clk 00:48:21]} {[%emt 00:00:04]} Kf8
{[%clk 00:37:25]} {[%emt 00:00:13]} 64. b6 {[%clk 00:48:47]} {[%emt 00:00:04]}
g3 {[%clk 00:37:50]} {[%emt 00:00:05]} 65. fxg3 {[%clk 00:49:11]} {[%emt
00:00:05]} Kg8 {[%clk 00:38:11]} {[%emt 00:00:08]} 66. b7 {[%clk 00:49:37]}
{[%emt 00:00:04]} Kf8 {[%clk 00:38:37]} {[%emt 00:00:04]} 67. b8=Q# {[%clk
00:49:57]} {[%emt 00:00:11]} 1-0

[Event "ODJM B 2025"]
[Site "Willingen GER"]
[Date "2025.06.08"]
[Round "2"]
[White "Weidenhöfer, Ben"]
[Black "Fabritius, Wolf"]
[Result "1/2-1/2"]
[Termination "normal"]
[Board "58"]
[WhiteElo "1620"]
[BlackElo "1551"]
[WhiteClock "00:54:37"]
[BlackClock "00:24:29"]
[PlyCount "101"]
[WhiteFideId "16273702"]
[BlackFideId "34632603"]
[EventCountry "GER"]
[EventRounds "9"]
[EventType "swiss"]
[EventDate "2025.06.07"]

1. d4 {[%clk 01:30:58]} {[%emt 00:00:02]} e6 {[%clk 01:30:55]} {[%emt
00:00:05]} 2. e3 {[%clk 01:30:57]} {[%emt 00:00:31]} d5 {[%clk 01:28:23]}
{[%emt 00:03:03]} 3. Bd3 {[%clk 01:30:47]} {[%emt 00:00:40]} Nf6 {[%clk
01:26:11]} {[%emt 00:02:42]} 4. f4 {[%clk 01:30:35]} {[%emt 00:00:42]} g6
{[%clk 01:26:15]} {[%emt 00:00:25]} 5. Nf3 {[%clk 01:30:49]} {[%emt 00:00:15]}
Bg7 {[%clk 01:26:38]} {[%emt 00:00:07]} 6. O-O {[%clk 01:30:59]} {[%emt
00:00:21]} O-O {[%clk 01:26:55]} {[%emt 00:00:13]} 7. Bd2 {[%clk 01:31:12]}
{[%emt 00:00:17]} b6 {[%clk 01:24:33]} {[%emt 00:02:53]} 8. Be1 {[%clk
01:31:09]} {[%emt 00:00:33]} c5 {[%clk 01:22:58]} {[%emt 00:02:04]} 9. c3
{[%clk 01:31:14]} {[%emt 00:00:25]} Bb7 {[%clk 01:22:11]} {[%emt 00:01:18]} 10.
Bh4 {[%clk 01:31:06]} {[%emt 00:00:38]} Qc7 {[%clk 01:19:58]} {[%emt 00:02:42]}
11. Bxf6 {[%clk 01:30:01]} {[%emt 00:01:34]} Bxf6 {[%clk 01:20:17]} {[%emt
00:00:12]} 12. Nbd2 {[%clk 01:29:54]} {[%emt 00:00:37]} Nd7 {[%clk 01:19:28]}
{[%emt 00:01:19]} 13. Ne5 {[%clk 01:29:36]} {[%emt 00:00:48]} Nxe5 {[%clk
01:17:21]} {[%emt 00:02:36]} 14. fxe5 {[%clk 01:29:11]} {[%emt 00:00:57]} Bg7
{[%clk 01:16:33]} {[%emt 00:01:17]} 15. Rf3 {[%clk 01:27:44]} {[%emt 00:01:56]}
f6 {[%clk 01:14:02]} {[%emt 00:03:01]} 16. exf6 {[%clk 01:27:14]} {[%emt
00:01:01]} Rxf6 {[%clk 01:14:13]} {[%emt 00:00:19]} 17. Rxf6 {[%clk 01:26:57]}
Bxf6 {[%clk 01:14:36]} {[%emt 00:00:54]} 18. Qg4 {[%clk 01:26:55]} {[%emt
00:00:32]} Qe7 {[%clk 01:11:52]} {[%emt 00:03:14]} 19. Rf1 {[%clk 01:25:57]}
{[%emt 00:01:28]} Rf8 {[%clk 01:11:29]} {[%emt 00:00:53]} 20. Rf3 {[%clk
01:22:13]} {[%emt 00:04:15]} Bc8 {[%clk 01:08:17]} {[%emt 00:03:42]} 21. Qg3
{[%clk 01:21:10]} {[%emt 00:01:33]} Rf7 {[%clk 01:04:47]} {[%emt 00:03:58]} 22.
Qf2 {[%clk 01:16:27]} {[%emt 00:05:14]} e5 {[%clk 00:58:25]} {[%emt 00:06:53]}
23. dxe5 {[%clk 01:16:04]} {[%emt 00:00:53]} Bxe5 {[%clk 00:58:29]} {[%emt
00:00:25]} 24. e4 {[%clk 01:14:59]} {[%emt 00:01:36]} d4 {[%clk 00:58:10]}
{[%emt 00:00:49]} 25. Rxf7 {[%clk 01:14:20]} {[%emt 00:01:08]} Qxf7 {[%clk
00:58:22]} {[%emt 00:00:15]} 26. Bc4 {[%clk 01:13:34]} {[%emt 00:01:19]} Be6
{[%clk 00:58:45]} {[%emt 00:00:07]} 27. Qxf7+ {[%clk 01:10:37]} {[%emt
00:03:26]} Bxf7 {[%clk 00:58:04]} {[%emt 00:01:12]} 28. Bxf7+ {[%clk 01:10:29]}
{[%emt 00:00:38]} Kxf7 {[%clk 00:58:02]} {[%emt 00:00:32]} 29. Nf3 {[%clk
01:09:35]} {[%emt 00:01:24]} Kf6 {[%clk 00:55:49]} {[%emt 00:02:44]} 30. c4
{[%clk 01:07:45]} {[%emt 00:02:19]} Bf4 {[%clk 00:51:50]} {[%emt 00:04:28]} 31.
Kf2 {[%clk 01:05:28]} {[%emt 00:02:47]} Be3+ {[%clk 00:51:37]} {[%emt
00:00:44]} 32. Ke2 {[%clk 01:05:39]} {[%emt 00:00:19]} h5 {[%clk 00:45:33]}
{[%emt 00:06:33]} 33. h4 {[%clk 01:04:01]} {[%emt 00:02:09]} g5 {[%clk
00:36:48]} {[%emt 00:09:15]} 34. hxg5+ {[%clk 01:03:31]} {[%emt 00:01:00]} Bxg5
{[%clk 00:36:38]} {[%emt 00:00:40]} 35. Nxg5 {[%clk 01:03:34]} {[%emt
00:00:27]} Kxg5 {[%clk 00:36:55]} {[%emt 00:00:13]} 36. Kf3 {[%clk 01:03:09]}
{[%emt 00:00:55]} h4 {[%clk 00:35:53]} {[%emt 00:01:31]} 37. a3 {[%clk
01:01:58]} {[%emt 00:01:42]} a5 {[%clk 00:34:37]} {[%emt 00:01:46]} 38. a4
{[%clk 01:02:10]} {[%emt 00:00:17]} Kf6 {[%clk 00:31:30]} {[%emt 00:03:36]} 39.
Kf4 {[%clk 01:01:45]} {[%emt 00:00:56]} Ke6 {[%clk 00:29:32]} {[%emt 00:02:29]}
40. b3 {[%clk 00:59:11]} {[%emt 00:03:04]} Kd6 {[%clk 00:26:50]} {[%emt
00:03:12]} 41. e5+ {[%clk 00:59:21]} {[%emt 00:00:20]} Ke6 {[%clk 00:27:13]}
{[%emt 00:00:07]} 42. Ke4 {[%clk 00:59:31]} {[%emt 00:00:20]} d3 {[%clk
00:27:24]} {[%emt 00:00:19]} 43. Kxd3 {[%clk 00:59:50]} {[%emt 00:00:11]} Kxe5
{[%clk 00:27:49]} {[%emt 00:00:05]} 44. Ke3 {[%clk 01:00:12]} {[%emt 00:00:08]}
Kf5 {[%clk 00:27:50]} {[%emt 00:00:27]} 45. Kf3 {[%clk 01:00:28]} {[%emt
00:00:15]} Kg5 {[%clk 00:28:02]} {[%emt 00:00:18]} 46. g4 {[%clk 00:54:55]}
{[%emt 00:06:04]} h3 {[%clk 00:23:17]} {[%emt 00:05:14]} 47. Kg3 {[%clk
00:53:41]} {[%emt 00:01:44]} h2 {[%clk 00:23:41]} {[%emt 00:00:07]} 48. Kxh2
{[%clk 00:54:07]} {[%emt 00:00:04]} Kh4 {[%clk 00:23:43]} {[%emt 00:00:28]} 49.
g5 {[%clk 00:53:43]} {[%emt 00:00:54]} Kxg5 {[%clk 00:24:07]} {[%emt 00:00:05]}
50. Kg3 {[%clk 00:54:12]} {[%emt 00:00:01]} Kf5 {[%clk 00:24:29]} {[%emt
00:00:09]} 51. Kf3 {[%clk 00:54:37]} {[%emt 00:00:05]} 1/2-1/2